<?xml version='1.0' encoding='UTF-8'?><?xml-stylesheet href='static/style.xsl' type='text/xsl'?><OAI-PMH xmlns="http://www.openarchives.org/OAI/2.0/" xmlns:xsi="http://www.w3.org/2001/XMLSchema-instance" xsi:schemaLocation="http://www.openarchives.org/OAI/2.0/ http://www.openarchives.org/OAI/2.0/OAI-PMH.xsd"><responseDate>2026-05-01T10:00:51Z</responseDate><request verb="GetRecord" identifier="oai:ebiltegia.mondragon.edu:20.500.11984/5891" metadataPrefix="marc">https://ebiltegia.mondragon.edu/oai/request</request><GetRecord><record><header><identifier>oai:ebiltegia.mondragon.edu:20.500.11984/5891</identifier><datestamp>2024-03-01T12:27:00Z</datestamp><setSpec>com_20.500.11984_473</setSpec><setSpec>col_20.500.11984_476</setSpec></header><metadata><record xmlns="http://www.loc.gov/MARC21/slim" xmlns:dcterms="http://purl.org/dc/terms/" xmlns:xsi="http://www.w3.org/2001/XMLSchema-instance" xmlns:doc="http://www.lyncode.com/xoai" xsi:schemaLocation="http://www.loc.gov/MARC21/slim http://www.loc.gov/standards/marcxml/schema/MARC21slim.xsd">
   <leader>00925njm 22002777a 4500</leader>
   <datafield ind2=" " ind1=" " tag="042">
      <subfield code="a">dc</subfield>
   </datafield>
   <datafield ind2=" " ind1=" " tag="720">
      <subfield code="a">Amezua, Alonso</subfield>
      <subfield code="e">author</subfield>
   </datafield>
   <datafield ind2=" " ind1=" " tag="260">
      <subfield code="c">2022</subfield>
   </datafield>
   <datafield ind2=" " ind1=" " tag="520">
      <subfield code="a">Artikulu honek ikasgelan elkarrekintza didaktikoak diseinatzeko oinarriak eta balizko&#xd;
tresna bat eskaintzea du helburu. Erreminta hau irakasleei eskainitako prestakuntza prozesu baten markoan&#xd;
sortu da eta beraren aplikazioa ikertu ostean, beharrezko izan diren egokitzapenak egin dira, artikulu&#xd;
honetan aurkezteko. Horrekin batera, diseinu adibide eta testigantza errealak ere jaso dira, tresnaren&#xd;
erabilpenerako gako batzuk ematen dituztela iritzita. Ardatzean ikasgelako elkarrekintzak jarri dira,&#xd;
izan ere, ikaslea bere ikaskuntza prozesuaren erdigunean jarriko bada, komunikatzeko eta ezagutzak&#xd;
elkarrekin eraikitzeko moduak bilatzea garrantzitsua izango da. Beraz, komunikazio testuinguru bakoitzean&#xd;
hitza nork, noiz, nola eta zertarako erabili jarri da jomugan, eta alderdi horiei erreparatuta ikasleekin&#xd;
ikaskuntza sakonagoa lortzeko diseinu didaktikoetan lagungarri diren dimentsio batzuk proposatu.</subfield>
   </datafield>
   <datafield ind2=" " ind1=" " tag="520">
      <subfield code="a">The aim of this paper is to offer some basis for the design of didactic interactions, as&#xd;
well as a specifically created tool for that purpose. That material has been created in the framework&#xd;
of a teachers’ training process and after analysing its implementation, appropriate changes have been&#xd;
made to present it in this article. Furthermore, an example of a real didactic design and various testimonies&#xd;
are also presented, which might be useful for the good practice of the tool already mentioned.&#xd;
The classroom’s didactic interactions are the main focus of the paper, for the students to be the centre&#xd;
of their learning process, the key will be to investigate the communication forms and the collective&#xd;
construction of the knowledge. Hence, the objective is to analyse who, when, how and for what to take&#xd;
the floor in each communicative context and thereby propose some dimensions that didactic designs focused&#xd;
on the deep learning of students should have.</subfield>
   </datafield>
   <datafield ind1="8" ind2=" " tag="024">
      <subfield code="a">0214-9753</subfield>
   </datafield>
   <datafield ind1="8" ind2=" " tag="024">
      <subfield code="a">https://katalogoa.mondragon.edu/janium-bin/janium_login_opac.pl?find&amp;ficha_no=168348</subfield>
   </datafield>
   <datafield ind1="8" ind2=" " tag="024">
      <subfield code="a">https://hdl.handle.net/20.500.11984/5891</subfield>
   </datafield>
   <datafield tag="653" ind2=" " ind1=" ">
      <subfield code="a">Elkarrekintzazko komunikazioa</subfield>
   </datafield>
   <datafield tag="653" ind2=" " ind1=" ">
      <subfield code="a">Lehen hezkuntza</subfield>
   </datafield>
   <datafield tag="653" ind2=" " ind1=" ">
      <subfield code="a">Ikaskuntza prozesua</subfield>
   </datafield>
   <datafield tag="653" ind2=" " ind1=" ">
      <subfield code="a">Irakasleen prestakuntza</subfield>
   </datafield>
   <datafield tag="653" ind2=" " ind1=" ">
      <subfield code="a">Ikerketa pedagogikoa</subfield>
   </datafield>
   <datafield tag="653" ind2=" " ind1=" ">
      <subfield code="a">Learning processes</subfield>
   </datafield>
   <datafield tag="653" ind2=" " ind1=" ">
      <subfield code="a">Interactive communication</subfield>
   </datafield>
   <datafield tag="653" ind2=" " ind1=" ">
      <subfield code="a">Primary Education</subfield>
   </datafield>
   <datafield tag="653" ind2=" " ind1=" ">
      <subfield code="a">Teacher education</subfield>
   </datafield>
   <datafield tag="653" ind2=" " ind1=" ">
      <subfield code="a">Educational research</subfield>
   </datafield>
   <datafield ind2="0" ind1="0" tag="245">
      <subfield code="a">Ikasgelan elkarrekintza didaktiko emankorrak diseinatzeko tresna baten sorkuntza</subfield>
   </datafield>
</record></metadata></record></GetRecord></OAI-PMH>